Čas spáchania priestupku a premlčanie

Nové zákony a novely, podľa ktorých sú obce a mestá povinné prejednávať priestupky a správne delikty, neustále pribúdajú; v súčasnosti je to takmer 30 zákonov. Nezriedka sa stáva, že odvolací orgán zruší rozhodnutie obce a vráti vec na nové prejednanie a rozhodnutie s tým, že obec nesprávne, resp. n...

Celý popis

Uložené v:
Podrobná bibliografia
Hlavný autor: Spišiaková, Helena
Médium: Kapitola
Jazyk:Slovak
Predmet:
Tagy: Pridať tag
Žiadne tagy, Buďte prvý, kto otaguje tento záznam!

MARC

LEADER 00000naa a2200000 4500
001 0306910
005 20250210092054.7
041 0 |a slo 
044 |a SK 
245 1 0 |a Čas spáchania priestupku a premlčanie  |c Helena Spišiaková 
520 |a Nové zákony a novely, podľa ktorých sú obce a mestá povinné prejednávať priestupky a správne delikty, neustále pribúdajú; v súčasnosti je to takmer 30 zákonov. Nezriedka sa stáva, že odvolací orgán zruší rozhodnutie obce a vráti vec na nové prejednanie a rozhodnutie s tým, že obec nesprávne, resp. nepresne určila čas spáchania priestupku alebo ho vôbec neuviedla. 
610 2 0 |a priestupky 
610 2 0 |a premlčanie 
610 2 0 |a legislatíva 
610 2 0 |a novelizácia 
610 2 0 |a činy trestné 
610 2 0 |a obce 
100 1 |a Spišiaková, Helena